| 000 | 00000nam##2200000za#4500 |
| 001 | 9.695551 |
| 003 | CaOODSP |
| 005 | 20250319164423 |
| 007 | cr ||||||||||| |
| 008 | 150407|1994||||xxc|||||o f|0| 0 eng|d |
| 040 | |aCaOODSP|beng |
| 043 | |an-cn--- |
| 086 | 1 |aH72-21/120-1994E-PDF |
| 110 | 2 |aNational Clearinghouse on Family Violence (Canada). |
| 245 | 10|aAbuse & neglect of older adults : |h[electronic resource]|bawareness information for people in the workplace : a guide for use by people interested in meeting togeether to discuss family violence issues / |cFlora MacLeod, writer and project director. |
| 246 | 1 |aAbuse and neglect of older adults |
| 260 | |aOttawa - Ontario : |bHealth Canada. |c1994. |
| 300 | |a36p.|breferences |
| 500 | |aThe catalogue number (H72-21/120-1994E) and ISBN (0-662-22576-7) for the print edition have been incorrectly copied in this electronic publication. |
| 504 | |aBibliography. |
| 590 | |a12-08-Supp|b2012-03-16 |
| 690 | 07|aFamily violence|2gcpds |
| 690 | 07|aSeniors|2gcpds |
| 720 | 1 |aMacLeod, Flora |
| 775 | 08|tViolence et négligence à l'égard des personnes âgées : |w(CaOODSP)9.639686 |
| 776 | 0#|tAbuse and neglect of older adults: awareness information for people in the workplace : |w(CaOODSP)9.645668 |
| 856 | 40|ahttp://publications.gc.ca|qPDF|s114 KB|uhttps://publications.gc.ca/collections/Collection/H72-21-120-1994E.pdf |